| 000 | 00462nam a22001697a 4500 | ||
|---|---|---|---|
| 003 | CEME | ||
| 005 | 20210628205229.0 | ||
| 008 | 210216b xxu||||| |||| 00| 0 eng d | ||
| 020 | _a0-684-81824-8 | ||
| 040 | _c. | ||
| 082 | _a658.402 WIN'B | ||
| 100 |
_aWinston, S _974493 |
||
| 245 | _aBest organizing tips quick simple ways to get organized and get on with your life | ||
| 260 |
_aNEWYORK _bSIMON AND SCHUSTER _c1995 |
||
| 300 | _a222P | ||
| 942 |
_cBK _2ddc |
||
| 999 |
_c580016 _d580016 |
||